00564nam a2200193 a 450000100100000000500170001000800410002702000150006804000250008308200180010810000250012624500430015126000340019430000260022849000300025460000320028465000220031683000320033800002320920200930022048.0101130s1995 pe r 000 0 spa d a8483896192 aDO-SdBNPbspacBNPHU a928.85bM379V1 aVargas Durand, Luis,10aMartín Adán /cLuis Vargas Durand. aLima, Perú :bBrasa,c1995. a124, [3] p. ;c20 cm.1 aForjadores del Perúv1910aADÁN, MARTÍNd1908-1985 4aAutoreszPeruanos 0aForjadores del Perú ;v19